| 000 | 00597nam a2200193Ia 4500 | ||
|---|---|---|---|
| 005 | 20250326140531.0 | ||
| 008 | 250326s9999 xx 000 0 und d | ||
| 020 | _a0-471-83576-5 | ||
| 037 | _aTextbook | ||
| 040 |
_aFMSL _beng _cFMSL |
||
| 041 |
_aeng _2eng |
||
| 084 |
_aX:512y7.4 P0 _qFMSL |
||
| 100 | _aTemporal P | ||
| 245 | 0 |
_aBranding in Asia :the creation development and management of Asian brands for the global marketing _cTemporal P |
|
| 260 |
_aNew York _bNew York, John Wiley _c2000 |
||
| 300 | _a261p | ||
| 942 |
_cTB _hX:512y7.4 P0 |
||
| 999 |
_c1286196 _d1286196 |
||